Tính chất hóa lý của một số phức Monoaminplatin (II)/

Spremljeno u:
Bibliografski detalji
Glavni autor: Trần Thị Đà.
Format: Članak
Jezik:Vietnamese
Oznake: Dodaj oznaku
Bez oznaka, Budi prvi tko označuje ovaj zapis!
Thư viện lưu trữ: Thư viện Trường Đại học Đà Lạt
LEADER 00697nam a2200229 4500
001 DLU120137444
005 ##20120718
040 # # |a DLU  |b vie 
041 # # |a vie 
044 # # |a vn 
100 # # |a Trần Thị Đà. 
245 # # |a  Tính chất hóa lý của một số phức Monoaminplatin (II)/  |c Trần Thị Đà. 
773 # # |t Thông báo khoa học của các Trường Đại học: Hóa học  |g 1996, tr.22-26 
920 # # |a Phòng Tạp chí -- Trung tâm Thông tin - Thư viện Trường Đại học Đà Lạt 
994 # # |a DLU 
900 # # |a True 
911 # # |a Nguyễn Thị Mai Anh 
925 # # |a G 
926 # # |a A 
927 # # |a BB 
980 # # |a Thư viện Trường Đại học Đà Lạt